000 00776cam a2200241 4500
001 ABS61884
008 000000n2000 000 0 eng u
035 _a(Sirsi) u104535
100 _aKlein, R.
245 _aIndustry cannot afford to ignore this new Act
260 _c2000
490 _aConstruction News
_v6655 2 March 2000 26(1)
520 _aExplains the ways in which tendering on a "best value" basis by local authorities could cause problems for the construction industry.
590 _aABS
650 _aLOCAL GOVERNMENT ACT 1999
650 _aLOCAL AUTHORITIES
650 _aCOMPULSORY COMPETITIVE TENDERING
650 _aLOCAL PERFORMANCE PLANS
650 _aContracts
_96232
650 _aBEST VALUE
690 _aProcurement
_96260
942 _n0
999 _c62723
_d62723